| 000 | 00617cam a22002171 4500 | ||
|---|---|---|---|
| 001 | ca 30000263 | ||
| 003 | DLC | ||
| 005 | 20260227111122.0 | ||
| 008 | 870316s1909 pl 000 0 pol | ||
| 010 | _aca 30000263 | ||
| 035 | _a(OCoLC)15322232 | ||
| 040 |
_aDLC _cCoU _dCoU _dDLC |
||
| 042 | _apremarc | ||
| 050 | 0 | 0 |
_aPG7158.K5 _bT3 |
| 100 | 1 |
_aTarnowski, Stanisław, _chrabia, _d1837-1917. |
|
| 245 | 1 | 0 | _aJulian Klaczko... |
| 260 |
_aW Krakowie, _bCrukarnia "Czasu," _c1909. |
||
| 300 |
_a2 v. _bfronts., ports. _c23 cm. |
||
| 500 | _aAt head of title: St. Tarnowski. | ||
| 600 | 1 | 0 |
_aKlaczko, Juljan, _d1828-1906. |
| 999 |
_c16597 _d16597 |
||